Statistics for Athletes by Country Quiz #2

Click here to take the quiz!

General Stats

  • This quiz has been taken 24,691 times
    (12,362 since last reset)
  • The average score is 12 of 21

Answer Stats

AthleteCountry% Correct
Yao MingChina
95%
PeléBrazil
94%
Roger FedererSwitzerland
90%
Julio Cesar Chavez, Jr.Mexico
76%
Wladimir KlitschkoUkraine
73%
Jackie Joyner-KerseeUnited States
72%
Steffi GrafGermany
71%
Paula RadcliffeUnited Kingdom
65%
Margaret CourtAustralia
63%
Didier DrogbaIvory Coast
62%
Toni KukočCroatia
57%
Miguel IndurainSpain
56%
Kim ClijstersBelgium
54%
Sachin TendulkarIndia
52%
Paavo NurmiFinland
45%
Manu GinóbiliArgentina
43%
Jonah LomuNew Zealand
41%
Dominik HasekCzech Republic
36%
Sammy SosaDominican Republic
34%
Sonja HenieNorway
33%
Vijay SinghFiji
32%

Score Distribution

Percentile by Number Answered

Percent of People with Each Score

Your Score History

You have not taken this quiz since the last reset